[Event "HUN-chT2 Erkel 2324"]
[Site "Hunagry"]
[Date "2024.04.21"]
[Round "8.3"]
[White "Nagy, Ervin"]
[Black "Suto, Gabor"]
[Result "1/2-1/2"]
[WhiteElo "2175"]
[BlackElo "2162"]
[PlyCount "82"]
[EventDate "2023.10.08"]
[EventType "team-tourn"]
[EventRounds "9"]
[EventCountry "HUN"]
[SourceTitle "EXT 2025"]
[Source "ChessBase"]
[SourceDate "2024.10.14"]
[SourceVersion "1"]
[SourceVersionDate "2024.10.14"]
[SourceQuality "1"]
[WhiteTeam "HASE"]
[BlackTeam "TFSE"]
[WhiteTeamCountry "HUN"]
[BlackTeamCountry "HUN"]

1. e4 c6 2. d3 e5 3. Nf3 Nf6 4. c3 d6 5. Be2 Be7 6. 0-0 0-0 7. Nbd2 Nbd7 8. Qc2 Re8 9. Re1 Nf8 10. d4 Ng6 11. dxe5 dxe5 12. Bc4 h6 13. Qb3 Rf8 14. a4 Qc7 15. h3 Nf4 16. Nf1 N6h5 17. Ne3 Bc5 18. Nf5 Kh7 19. Nh2 g6 20. Be3 Bxe3 21. Nxe3 Be6 22. Nf3 Nf6 23. Bxe6 Nxe6 24. Nc4 Nc5 25. Qc2 Rfe8 26. b4 Ncd7 27. Rad1 Nb6 28. Qb3 Kg7 29. Rd2 Re6 30. a5 Nxc4 31. Qxc4 b6 32. Ra1 Rd8 33. axb6 axb6 34. Rxd8 Qxd8 35. Ra7 Qd1+ 36. Kh2 Qd6 37. Ra6 Qd8 38. Ra7 Qd6 39. g3 Nd7 40. Qe2 b5 41. Kg2 Nb6 1/2-1/2

[Event "HUN-chT2 Erkel 2324"]
[Site "Hunagry"]
[Date "2024.03.10"]
[Round "6.3"]
[White "Sofrigin, Alexej"]
[Black "Suto, Gabor"]
[Result "1/2-1/2"]
[WhiteElo "2212"]
[BlackElo "2153"]
[PlyCount "38"]
[EventDate "2023.10.08"]
[EventType "team-tourn"]
[EventRounds "9"]
[EventCountry "HUN"]
[SourceTitle "EXT 2025"]
[Source "ChessBase"]
[SourceDate "2024.10.14"]
[SourceVersion "1"]
[SourceVersionDate "2024.10.14"]
[SourceQuality "1"]
[WhiteTeam "Fot"]
[BlackTeam "TFSE"]
[WhiteTeamCountry "HUN"]
[BlackTeamCountry "HUN"]

1. Nf3 Nf6 2. g3 d5 3. Bg2 Bg4 4. 0-0 Nbd7 5. d4 e6 6. Nbd2 Be7 7. Re1 0-0 8. e4 dxe4 9. Nxe4 c5 10. c3 Qb6 11. Qb3 Bxf3 12. Bxf3 cxd4 13. cxd4 Nxe4 14. Qxb6 Nxb6 15. Bxe4 Bb4 16. Re3 Rad8 17. a3 Be7 18. Bxb7 Bf6 19. Re2 Bxd4 1/2-1/2

[Event "HUN-chT2 Erkel 2324"]
[Site "Hunagry"]
[Date "2023.10.29"]
[Round "2.3"]
[White "Suto, Gabor"]
[Black "Szieberth, Adam"]
[Result "0-1"]
[WhiteElo "2143"]
[BlackElo "2270"]
[PlyCount "90"]
[EventDate "2023.10.08"]
[EventType "team-tourn"]
[EventRounds "9"]
[EventCountry "HUN"]
[SourceTitle "EXT 2025"]
[Source "ChessBase"]
[SourceDate "2024.10.14"]
[SourceVersion "1"]
[SourceVersionDate "2024.10.14"]
[SourceQuality "1"]
[WhiteTeam "TFSE"]
[BlackTeam "EUTender Sinus"]
[WhiteTeamCountry "HUN"]
[BlackTeamCountry "HUN"]

1. d4 g6 2. c4 Bg7 3. Nc3 Nf6 4. e4 d6 5. Be2 0-0 6. Bg5 c5 7. d5 e6 8. Qd2 Qa5 9. f3 exd5 10. cxd5 a6 11. Nd1 Qxd2+ 12. Bxd2 b5 13. Rc1 Ne8 14. Bd3 Nd7 15. Ne2 Ne5 16. Bb1 f5 17. 0-0 Nc4 18. Bc3 Bh6 19. b3 Bxc1 20. Nxc1 Na3 21. Bd3 fxe4 22. fxe4 b4 23. Bb2 Rxf1+ 24. Kxf1 Nb5 25. h3 Bd7 26. Ne2 a5 27. Ne3 a4 28. Nc4 axb3 29. axb3 Ra2 30. Bb1 Ra7 31. Bd3 Na3 32. Nc1 Bb5 33. Ke2 Re7 34. Kf3 Bxc4 35. bxc4 Nc7 36. e5 dxe5 37. Ke4 Ne8 38. d6 Nxd6+ 39. Kd5 e4 40. Be2 Nb7 41. Nb3 Nb1 42. Nxc5 Nc3+ 43. Bxc3 bxc3 44. Nb3 Rd7+ 45. Kxe4 c2 0-1

[Event "Budapest-chT1 Lilienthal 1718"]
[Site "Budapest"]
[Date "2018.02.04"]
[Round "8"]
[White "Kormos, Andras"]
[Black "Suto, Gabor"]
[Result "1/2-1/2"]
[WhiteElo "2109"]
[BlackElo "2161"]
[PlyCount "35"]
[EventDate "2017.10.01"]
[EventType "team-tourn"]
[EventRounds "13"]
[EventCountry "HUN"]
[SourceTitle "EXT 2021"]
[Source "ChessBase"]
[SourceDate "2020.10.23"]
[SourceVersion "1"]
[SourceVersionDate "2020.10.23"]
[SourceQuality "1"]
[WhiteTeam "Budapest EAC II"]
[BlackTeam "SENSE"]
[WhiteTeamCountry "HUN"]
[BlackTeamCountry "HUN"]

1. c4 f5 2. Nc3 Nf6 3. Nf3 g6 4. g3 Bg7 5. Bg2 0-0 6. 0-0 d6 7. d4 Qe8 8. d5 a5 9. Nd4 Na6 10. Bg5 Nc5 11. Bxf6 Bxf6 12. b3 Bd7 13. Rb1 c6 14. e3 e5 15. dxe6 Nxe6 16. Nxe6 Bxe6 17. Qd2 Qe7 18. Rfd1 1/2-1/2

[Event "HUN-chT2 Maroczy 1718"]
[Site "Hungary"]
[Date "2017.11.26"]
[Round "2.6"]
[White "Suto, Gabor"]
[Black "Rigo, Janos"]
[Result "0-1"]
[WhiteElo "2169"]
[BlackElo "2234"]
[PlyCount "98"]
[EventDate "2017.10.29"]
[EventType "team-tourn"]
[EventRounds "9"]
[EventCountry "HUN"]
[SourceTitle "EXT 2021"]
[Source "ChessBase"]
[SourceDate "2020.10.23"]
[SourceVersion "1"]
[SourceVersionDate "2020.10.23"]
[SourceQuality "1"]
[WhiteTeam "Miskolc KisBocsok"]
[BlackTeam "Budapest HASE"]
[WhiteTeamCountry "HUN"]
[BlackTeamCountry "HUN"]

1. d4 Nf6 2. c4 e6 3. Nf3 b6 4. g3 Ba6 5. Qa4 c6 6. Nc3 d5 7. cxd5 b5 8. Qc2 b4 9. dxe6 bxc3 10. exf7+ Ke7 11. bxc3 Qd5 12. Bg2 Qe4 13. Qb2 Kd8 14. Be3 Nbd7 15. 0-0 Qe6 16. c4 Rb8 17. d5 cxd5 18. cxd5 Qxe3 19. Qxb8+ Nxb8 20. fxe3 Bc5 21. Nd4 Ke7 22. Kh1 Kxf7 23. Rac1 Bb6 24. Rc2 Nbd7 25. Nf5 Ne5 26. h3 g6 27. Nd4 Re8 28. Ne6 Nc4 29. Rc3 Ke7 30. e4 Nd7 31. Rb1 Nde5 32. Rcb3 Rc8 33. Rc1 Kd6 34. Ng5 Be3 35. Rxe3 Nxe3 36. Rxc8 Bxc8 37. Nxh7 Ba6 38. Bf3 Bc4 39. a3 a5 40. Ng5 a4 41. g4 Bb5 42. Ne6 Bd7 43. Nf4 g5 44. Nd3 N3c4 45. h4 gxh4 46. Kh2 Nxa3 47. Nc1 Nc2 48. Kh3 Ng6 49. e3 Nxe3 0-1

[Event "Budapest-chT1 Lilienthal 1718"]
[Site "Budapest"]
[Date "2017.11.12"]
[Round "3"]
[White "Suto, Gabor"]
[Black "Ladanyi, Tibor"]
[Result "0-1"]
[WhiteElo "2161"]
[BlackElo "2154"]
[PlyCount "86"]
[EventDate "2017.10.01"]
[EventType "team-tourn"]
[EventRounds "13"]
[EventCountry "HUN"]
[SourceTitle "EXT 2021"]
[Source "ChessBase"]
[SourceDate "2020.10.23"]
[SourceVersion "1"]
[SourceVersionDate "2020.10.23"]
[SourceQuality "1"]
[WhiteTeam "SENSE"]
[BlackTeam "Palota Sakk"]
[WhiteTeamCountry "HUN"]
[BlackTeamCountry "HUN"]

1. d4 Nf6 2. c4 g6 3. Nc3 d5 4. h4 c5 5. dxc5 d4 6. Nb5 a6 7. Nxd4 e5 8. Nb3 Qxd1+ 9. Kxd1 a5 10. Bg5 Nbd7 11. a4 Ne4 12. Be3 Bh6 13. Rh3 Bf8 14. Rh2 Ndxc5 15. Nxc5 Bxc5 16. Bxc5 Nxc5 17. Nf3 f6 18. Nd2 Bd7 19. Ra3 Bxa4+ 20. Kc1 Ke7 21. g3 Bc6 22. Nb3 Nxb3+ 23. Rxb3 a4 24. Rc3 Rhd8 25. e3 Bf3 26. Rd3 Rac8 27. Rxd8 Rxd8 28. Kc2 Kd6 29. Bg2 Bxg2 30. Rxg2 Kc5 31. Kc3 e4 32. Rg1 Rd3+ 33. Kc2 Kxc4 34. g4 b5 35. g5 f5 36. h5 b4 37. hxg6 hxg6 38. Rh1 b3+ 39. Kc1 a3 40. bxa3 Kc3 41. Kb1 b2 42. Ka2 Kc2 43. a4 Rb3 0-1

[Event "HUN-chT2 Barcza 1617"]
[Site "Hungary"]
[Date "2017.02.26"]
[Round "9.1"]
[White "Barabas, Tibor"]
[Black "Suto, Gabor"]
[Result "1/2-1/2"]
[WhiteElo "2041"]
[BlackElo "2197"]
[PlyCount "81"]
[EventDate "2016.09.25"]
[EventType "team-tourn"]
[EventRounds "11"]
[EventCountry "HUN"]
[SourceTitle "EXT 2021"]
[Source "ChessBase"]
[SourceDate "2020.10.23"]
[SourceVersion "1"]
[SourceVersionDate "2020.10.23"]
[SourceQuality "1"]
[WhiteTeam "Mezokovesd"]
[BlackTeam "Miskolc Kisbocsok"]
[WhiteTeamCountry "HUN"]
[BlackTeamCountry "HUN"]

1. e4 c5 2. Nf3 e6 3. d4 cxd4 4. Nxd4 Nf6 5. Bd3 Nc6 6. Nxc6 dxc6 7. 0-0 e5 8. Nd2 Bc5 9. h3 Be6 10. Nf3 Nd7 11. b4 Be7 12. Bb2 Qc7 13. a3 0-0 14. Qd2 Rfc8 15. Ng5 Bxg5 16. Qxg5 f6 17. Qg3 c5 18. c3 a5 19. Rac1 Qb6 20. Qe3 axb4 21. cxb4 c4 22. Qxb6 Nxb6 23. Be2 Na4 24. Ba1 c3 25. Bg4 Kf7 26. Bxe6+ Kxe6 27. Rc2 Rc4 28. Rfc1 Rac8 29. f3 f5 30. exf5+ Kxf5 31. Kf2 h5 32. Ke3 h4 33. Rd1 Ke6 34. Rdc1 Kf5 35. Rd1 Ke6 36. Rdc1 R4c7 37. Kd3 Rd7+ 38. Ke2 Rdc7 39. Kd3 Nb2+ 40. Ke2 Na4 41. Kd3 1/2-1/2

[Event "HUN-chT2 Barcza 1617"]
[Site "Hungary"]
[Date "2016.12.11"]
[Round "6.1"]
[White "Suto, Gabor"]
[Black "Kiss, Pal"]
[Result "1/2-1/2"]
[WhiteElo "2197"]
[BlackElo "2275"]
[PlyCount "27"]
[EventDate "2016.09.25"]
[EventType "team-tourn"]
[EventRounds "11"]
[EventCountry "HUN"]
[SourceTitle "EXT 2021"]
[Source "ChessBase"]
[SourceDate "2020.10.23"]
[SourceVersion "1"]
[SourceVersionDate "2020.10.23"]
[SourceQuality "1"]
[WhiteTeam "Miskolc Kisbocsok"]
[BlackTeam "Sajobabony"]
[WhiteTeamCountry "HUN"]
[BlackTeamCountry "HUN"]

1. d4 d5 2. c4 c6 3. Nf3 Nf6 4. Nc3 dxc4 5. a4 Bf5 6. Ne5 e6 7. f3 c5 8. e4 Bg6 9. Be3 cxd4 10. Bxd4 Nfd7 11. Nxd7 Qxd7 12. Bxc4 Nc6 13. Be3 Qxd1+ 14. Rxd1 1/2-1/2

[Event "HUN-chT2 Barcza 1617"]
[Site "Hungary"]
[Date "2016.10.09"]
[Round "2.1"]
[White "Hajbok, Robert"]
[Black "Suto, Gabor"]
[Result "1/2-1/2"]
[WhiteElo "2353"]
[BlackElo "2197"]
[PlyCount "119"]
[EventDate "2016.09.25"]
[EventType "team-tourn"]
[EventRounds "11"]
[EventCountry "HUN"]
[SourceTitle "EXT 2021"]
[Source "ChessBase"]
[SourceDate "2020.10.23"]
[SourceVersion "1"]
[SourceVersionDate "2020.10.23"]
[SourceQuality "1"]
[WhiteTeam "Nyiregyhaza SISE"]
[BlackTeam "Miskolc Kisbocsok"]
[WhiteTeamCountry "HUN"]
[BlackTeamCountry "HUN"]

1. e4 c5 2. Nf3 d6 3. d4 cxd4 4. Nxd4 Nf6 5. f3 g6 6. c4 Bg7 7. Nc3 Nc6 8. Nc2 0-0 9. Be2 Be6 10. Be3 Nd7 11. Qd2 Qa5 12. 0-0 Nde5 13. Nd5 Qxd2 14. Bxd2 Rfc8 15. Rac1 Nd7 16. b3 Bxd5 17. exd5 Nd4 18. Nxd4 Bxd4+ 19. Kh1 a5 20. Rfd1 Bf6 21. Be3 Nc5 22. Rb1 h5 23. Kg1 Kg7 24. Kf2 Be5 25. f4 Bf6 26. Kf3 b6 27. Rdc1 Rc7 28. g3 Nd7 29. Bf1 Nc5 30. Rc2 Nd7 31. Bh3 Rb8 32. Rcc1 Ra7 33. a3 Kf8 34. Rc2 Rc7 35. Rcc1 Ra7 36. b4 axb4 37. axb4 Ke8 38. Rb3 Ra2 39. Bg1 g5 40. Bf1 Rba8 41. Bd3 Rd2 42. Bf5 g4+ 43. Ke4 Re2+ 44. Be3 Raa2 45. h3 Bb2 46. Rb1 Nf6+ 47. Kd3 Rg2 48. hxg4 Nxg4 49. Bxg4 hxg4 50. Rg1 Bf6 51. Ke4 e6 52. Rxg2 Rxg2 53. Bxb6 Rc2 54. c5 Rc4+ 55. Ke3 dxc5 56. dxe6 cxb4 57. exf7+ Kxf7 58. Kd3 Rc3+ 59. Rxc3 Bxc3 60. Bd4 1/2-1/2

[Event "HUN-chT2 Barcza 1516"]
[Site "Hungary"]
[Date "2015.12.06"]
[Round "6.2"]
[White "Borsavolgyi, Tamas"]
[Black "Suto, Gabor"]
[Result "1/2-1/2"]
[WhiteElo "2268"]
[BlackElo "2166"]
[PlyCount "25"]
[EventDate "2015.09.13"]
[EventType "team-tourn"]
[EventRounds "11"]
[EventCountry "HUN"]
[SourceTitle "CBM 170 Extra"]
[Source "ChessBase"]
[SourceDate "2016.02.25"]
[SourceVersion "1"]
[SourceVersionDate "2016.02.25"]
[SourceQuality "1"]
[WhiteTeam "Hajduszoboszlo"]
[BlackTeam "Miskolc KisBocsok"]
[WhiteTeamCountry "HUN"]
[BlackTeamCountry "HUN"]

1. e4 d6 2. d4 Nf6 3. Nc3 g6 4. f4 Bg7 5. e5 dxe5 6. dxe5 Qxd1+ 7. Kxd1 Ng4 8. Ke1 c6 9. Nf3 Nh6 10. h3 Na6 11. g4 0-0 12. Be3 Nc7 13. Rd1 1/2-1/2

[Event "HUN-chT2 Maroczy 1415"]
[Site "Hungary"]
[Date "2014.11.30"]
[Round "3"]
[White "Suto, Gabor"]
[Black "Kovacs, Istvan"]
[Result "0-1"]
[WhiteElo "2200"]
[BlackElo "2144"]
[PlyCount "60"]
[EventDate "2014.10.12"]
[EventType "team-tourn"]
[EventRounds "9"]
[EventCountry "HUN"]
[SourceTitle "EXT 2016"]
[Source "ChessBase"]
[SourceDate "2015.10.08"]
[SourceVersion "1"]
[SourceVersionDate "2015.10.08"]
[SourceQuality "1"]
[WhiteTeam "Miskolc KisBocsok"]
[BlackTeam "Dunaharaszti II"]
[WhiteTeamCountry "HUN"]
[BlackTeamCountry "HUN"]

1. d4 Nf6 2. c4 e6 3. Nf3 b6 4. a3 Bb7 5. Nc3 d5 6. Bg5 Be7 7. e3 h6 8. Bh4 0-0 9. Qc2 Nbd7 10. Rd1 c5 11. dxc5 bxc5 12. Be2 Qa5 13. 0-0 Rfe8 14. Nd2 Bc6 15. Bg3 Qb6 16. Bf3 a5 17. a4 d4 18. exd4 cxd4 19. Nb5 e5 20. Bxc6 Qxc6 21. f4 Bc5 22. Kh1 e4 23. Rfe1 d3 24. Qb1 Bb4 25. f5 e3 26. Nc7 Bxd2 27. Nxe8 Rxe8 28. Qxd3 Bxe1 29. Rxe1 Nc5 30. Qc3 e2 0-1

[Event "HUN-chT2 Barcza 1314"]
[Site "Hungary"]
[Date "2014.02.16"]
[Round "7"]
[White "Boros, Daniel"]
[Black "Suto, Gabor"]
[Result "1/2-1/2"]
[WhiteElo "2320"]
[BlackElo "2179"]
[PlyCount "34"]
[EventDate "2013.09.08"]
[EventType "team-tourn"]
[EventRounds "11"]
[EventCountry "HUN"]
[SourceTitle "EXT 2016"]
[Source "ChessBase"]
[SourceDate "2015.10.08"]
[SourceVersion "1"]
[SourceVersionDate "2015.10.08"]
[SourceQuality "1"]
[WhiteTeam "Nyiregyhaza SISE"]
[BlackTeam "Miskolc KisBocsok"]
[WhiteTeamCountry "HUN"]
[BlackTeamCountry "HUN"]

1. e4 Nf6 2. e5 Nd5 3. c4 Nb6 4. c5 Nd5 5. Nc3 e6 6. d4 d6 7. cxd6 cxd6 8. Nxd5 exd5 9. Nf3 Nc6 10. Be2 dxe5 11. Nxe5 Bb4+ 12. Bd2 Qf6 13. Nxc6 bxc6 14. a3 Bd6 15. Bc3 0-0 16. 0-0 Re8 17. Bd3 Bd7 1/2-1/2

[Event "HUN-chT2 Barcza 1314"]
[Site "Hungary"]
[Date "2013.11.03"]
[Round "4"]
[White "Suto, Gabor"]
[Black "Hidegh, Gabor"]
[Result "1/2-1/2"]
[WhiteElo "2179"]
[BlackElo "2153"]
[PlyCount "46"]
[EventDate "2013.09.08"]
[EventType "team-tourn"]
[EventRounds "11"]
[EventCountry "HUN"]
[SourceTitle "EXT 2016"]
[Source "ChessBase"]
[SourceDate "2015.10.08"]
[SourceVersion "1"]
[SourceVersionDate "2015.10.08"]
[SourceQuality "1"]
[WhiteTeam "Miskolc KisBocsok"]
[BlackTeam "Debrecen EAC"]
[WhiteTeamCountry "HUN"]
[BlackTeamCountry "HUN"]

1. d4 Nf6 2. c4 c5 3. d5 b5 4. cxb5 a6 5. b6 d6 6. Nc3 g6 7. e4 Bg7 8. a4 Qxb6 9. a5 Qc7 10. Nf3 0-0 11. Be2 Nbd7 12. 0-0 Rb8 13. Qc2 Qb7 14. Rd1 Ne8 15. Ra2 Nc7 16. Bg5 Re8 17. Bf4 Nb5 18. Bc4 Nd4 19. Nxd4 Bxd4 20. Na4 Ne5 21. Nb6 Bg4 22. Be2 Bxe2 23. Qxe2 Nd7 1/2-1/2

[Event "Zalakaros op 32nd"]
[Site "Zalakaros"]
[Date "2013.05.30"]
[Round "9"]
[White "Frink, Ferenc"]
[Black "Suto, Gabor"]
[Result "1/2-1/2"]
[WhiteElo "2136"]
[BlackElo "2193"]
[PlyCount "29"]
[EventDate "2013.05.22"]
[EventType "swiss"]
[EventRounds "9"]
[EventCountry "HUN"]
[SourceTitle "CBM 154 Extra"]
[Source "ChessBase"]
[SourceDate "2013.06.25"]
[SourceVersion "2"]
[SourceVersionDate "2013.06.25"]
[SourceQuality "1"]

1. e4 d6 2. d4 Nf6 3. Bd3 e5 4. c3 g6 5. Ne2 Bg7 6. 0-0 0-0 7. h3 b6 8. Be3 Bb7 9. Nd2 Nbd7 10. Rc1 d5 11. Bg5 Qe8 12. f3 h6 13. Bh4 exd4 14. cxd4 dxe4 15. fxe4 1/2-1/2

[Event "Zalakaros op 32nd"]
[Site "Zalakaros"]
[Date "2013.05.25"]
[Round "4"]
[White "Stifter, Ewald"]
[Black "Suto, Gabor"]
[Result "1/2-1/2"]
[WhiteElo "2013"]
[BlackElo "2193"]
[PlyCount "31"]
[EventDate "2013.05.22"]
[EventType "swiss"]
[EventRounds "9"]
[EventCountry "HUN"]
[SourceTitle "CBM 154 Extra"]
[Source "ChessBase"]
[SourceDate "2013.06.25"]
[SourceVersion "2"]
[SourceVersionDate "2013.06.25"]
[SourceQuality "1"]

1. Nf3 g6 2. g3 Bg7 3. d4 f5 4. c4 Nf6 5. Bg2 0-0 6. 0-0 d6 7. Qb3 Ne4 8. Nc3 Nc6 9. Be3 Nxc3 10. Qxc3 a5 11. a3 a4 12. b4 axb3 13. Qxb3 Na5 14. Qc2 c6 15. Rab1 Bd7 16. Nd2 1/2-1/2

[Event "Zalakaros op 32nd"]
[Site "Zalakaros"]
[Date "2013.05.24"]
[Round "3"]
[White "Suto, Gabor"]
[Black "Peczely, Sebastian Zsombor"]
[Result "1/2-1/2"]
[WhiteElo "2193"]
[BlackElo "2147"]
[PlyCount "52"]
[EventDate "2013.05.22"]
[EventType "swiss"]
[EventRounds "9"]
[EventCountry "HUN"]
[SourceTitle "CBM 154 Extra"]
[Source "ChessBase"]
[SourceDate "2013.06.25"]
[SourceVersion "2"]
[SourceVersionDate "2013.06.25"]
[SourceQuality "1"]

1. d4 d5 2. c4 c6 3. Nf3 Nf6 4. Nc3 e6 5. e3 Nbd7 6. Qc2 Bd6 7. g4 dxc4 8. Bxc4 e5 9. g5 Nd5 10. dxe5 Nxe5 11. Nxe5 Bxe5 12. Qe4 Qe7 13. Bxd5 Bxc3+ 14. bxc3 cxd5 15. Qxe7+ Kxe7 16. Ba3+ Kd7 17. 0-0-0 Kc6 18. Rd4 Be6 19. Rg1 b6 20. h4 Kb7 21. Kd2 Rac8 22. Bd6 Rc6 23. Be5 Rhc8 24. Rf4 g6 25. f3 Rc5 26. Rb1 Bd7 1/2-1/2

[Event "HUN-chT2 Maroczy 1112"]
[Site "Hungary"]
[Date "2012.01.29"]
[Round "5"]
[White "Monus, Zoltan"]
[Black "Suto, Gabor"]
[Result "0-1"]
[WhiteElo "2092"]
[BlackElo "2184"]
[PlyCount "42"]
[EventDate "2011.09.25"]
[EventType "team-tourn"]
[EventRounds "11"]
[EventCountry "HUN"]
[SourceTitle "EXT 2013"]
[Source "ChessBase"]
[SourceDate "2012.11.22"]
[SourceVersion "1"]
[SourceVersionDate "2012.11.22"]
[SourceQuality "1"]
[WhiteTeam "Oroshaza"]
[BlackTeam "Fuezesabony"]
[WhiteTeamCountry "HUN"]
[BlackTeamCountry "HUN"]

1. e4 Nf6 2. e5 Nd5 3. d4 d6 4. Nf3 Bg4 5. Be2 Nc6 6. Ng5 Bxe2 7. Qxe2 Nxd4 8. Qe4 dxe5 9. c3 Nf6 10. Qxb7 Rb8 11. Qxa7 Nc2+ 12. Ke2 Nxa1 13. Rd1 Qc8 14. Qa4+ c6 15. Nf3 Ra8 16. Qc4 Qa6 17. Qxa6 Rxa6 18. Na3 e6 19. Be3 Bxa3 20. bxa3 Nc2 21. Bc5 Nd7 0-1

[Event "HUN-chT2 Maroczy 1112"]
[Site "Hungary"]
[Date "2011.09.25"]
[Round "1"]
[White "Suto, Gabor"]
[Black "Karolyfalvi, Zoltan"]
[Result "1-0"]
[WhiteElo "2184"]
[BlackElo "2114"]
[PlyCount "57"]
[EventDate "2011.09.25"]
[EventType "team-tourn"]
[EventRounds "11"]
[EventCountry "HUN"]
[SourceTitle "EXT 2013"]
[Source "ChessBase"]
[SourceDate "2012.11.22"]
[SourceVersion "1"]
[SourceVersionDate "2012.11.22"]
[SourceQuality "1"]
[WhiteTeam "Fuezesabony"]
[BlackTeam "Kazincbarcika"]
[WhiteTeamCountry "HUN"]
[BlackTeamCountry "HUN"]

1. d4 d5 2. c4 c6 3. Nf3 e6 4. Nc3 dxc4 5. a4 Bb4 6. e3 b5 7. Bd2 Nd7 8. axb5 Bxc3 9. Bxc3 cxb5 10. b3 Bb7 11. bxc4 bxc4 12. Qa4 Qc8 13. Ne5 Ngf6 14. Bb4 Bd5 15. f3 a5 16. Bc5 Ra6 17. Bxc4 Bxc4 18. Nxc4 Nd5 19. Ra3 Qc7 20. Qb5 Ra8 21. Bd6 Qc8 22. 0-0 f6 23. e4 Nc7 24. Qc6 Na6 25. d5 Qxc6 26. dxc6 Ndc5 27. Rxa5 Nb3 28. Ra3 Nd4 29. Rfa1 1-0